Tous les pays contenant des suites alphabétiques - Statistiques

Statistiques générales
  • Ce quiz a été pris 27 fois
    10 depuis la dernière actualisation
  • Le résultat moyen est 18 sur 55
Statistiques - réponses
Suite Pays % Correct
FG Afghanistan
75%
GH Afghanistan
75%
ST Afghanistan
75%
ST Estonie
75%
GH Ghana
75%
NO Norvège
75%
AB Arabie Saoudite
63%
TU Tunisie
63%
HI Chine
50%
ST Turkménistan
50%
TU Turkménistan
50%
TU Turquie
50%
TU Tuvalu
50%
UV Tuvalu
50%
DE Barbade
38%
DE Finlande
38%
DE Inde
38%
DE Islande
38%
TU Lituanie
38%
ST Ouzbékistan
38%
ST Pakistan
38%
DE Suède
38%
DE Bangladesh
25%
HI Chili
25%
NO Corée du Nord
25%
ST Costa Rica
25%
DE Grenade
25%
DE Irlande
25%
ST Kazakhstan
25%
GH Kirghizistan
25%
HI Kirghizistan
25%
ST Kirghizistan
25%
NO Macédoine du Nord
25%
DE Nouvelle-Zélande
25%
NO Nouvelle-Zélande
25%
UV Nouvelle-Zélande
25%
HI Philippines
25%
OP Saint-Christophe-et-Niévès
25%
ST Saint-Christophe-et-Niévès
25%
ST Tadjikistan
25%
TU Vanuatu
25%
ST Australie
13%
AB Émirats Arabes Unis
13%
DE États Fédérés de Micronésie
13%
HI Éthiopie
13%
OP Éthiopie
13%
AB Gabon
13%
RS Îles Marshall
13%
ST Liechtenstein
13%
NO Papouasie-Nouvelle-Guinée
13%
UV Papouasie-Nouvelle-Guinée
13%
TU Portugal
13%
DE République Démocratique du Congo
13%
DE Thaïlande
13%
AB Zimbabwe
13%
Aucun quiz correspondant
Distribution des résultats
% des personnes avec chaque résultat
Percentile par nombre de réponses
Votre historique - résultats
Vous n’avez pas pris ce quiz depuis la dernière actualisation